Contenders for British Prime Minister - Statistics

General Stats
  • This quiz has been taken 27 times
  • The average score is 9 of 13
Answer Stats
current or recent.... contender % Correct
London Mayor Boris {Johnson}
100%
(pictured) Michael {Gove}
89%
International Development Secretary Priti {Patel}
81%
Justice Minister Dominic {Raab}
78%
Foreign Secretary Jeremy {Hunt}
78%
Leader of the House Andrea {Leadsom}
74%
Home Secretary Sajid {Javid}
67%
Work and Pensions Secretary Esther {McVey}
63%
Health Secretary Matt {Hancock}
63%
International Development Secretary Rory {Stewart}
59%
1922 Committee chairman Graham {Brady}
52%
Defence Secretary Penny {Mordaunt}
33%
Brexit minister Steve {Baker}
30%
No matching quizzes found
Score Distribution
Percent of People with Each Score
Percentile by Number Answered
Your Score History
You have not taken this quiz